000 00859 a2200241 4500
005 20260109125545.0
008 260109b |||||||| |||| 00| 0 eng d
020 _a9789381419233 (hbk)
037 _cREF
040 _aCRL
_cCRL
041 _2pun
_apun
084 _aQz7 153R3.1-.2
_qCRL
100 _aਪੰਨੂ, ਹਰਪਾਲ ਸਿੰਘ
_9850486
245 _aਤਿਲਫੁਲ
246 _aTilful /Pannu, Harpal singh
260 _aLudhiana, India:
_bLahore Book Shop,
_c2023.
300 _a256p. (Vol.1)
_a288p. (Vol. 2)
365 _b750.00
_cINR
440 _vVol.1-.2
650 _2Religion
942 _cREF
_2CC
_n0
_hQz7 153R3.1-.2
999 _c1465195
_d1465195